LEADER 01102nam a2200241 i 4500 001 000000130477 003 CaOOAMICUS 005 20041109000000.0 008 041109s1933 it u000 u ita u 013 $a103211 040 $aSeMil$bita 100 1 $aSavonarola, Girolamo,$c.$0(OLS)http://semarc/name/89716 245 10$aPoesie /$cdi Fra Girolamo Savonarola , con l'aggiunta di una canzone pel bruciamento delle vanità e precedute da notizie storiche di C. Guasti e I. Del Lungo. 260 $aLanciano :$bR. Carabba,$c1933. 300 $a131 p. ;$c19 cm. 650 4$aPoesia religiosa - Testi.$0(OLS)http://semarc/subject/992 700 1 $aDel Lungo, Isidoro <1841-1927>.$0(OLS)http://semarc/name/15614 700 1 $aGuasti, Cesare,$d<1822-1889>.$0(OLS)http://semarc/name/8474 850 $aSeMil 852 $aSeMil$W1$xVenegono$y1$m315 2 42 *$j84521$B84521$CSeMilBibl$Z2$F88660 $81 961 $aRecupero: Biblioteca Seminario Saronno 996 $6245$aPoesie$9(OLS)http://semarc/title/2285 996 $6260$aLanciano :$bR. Carabba$9(OLS)http://semarc/publisher/33110 LEADER 00863nam a2200229 i 4500 001 000000251510 003 CaOOAMICUS 005 20240725114512.0 008 170316n it u000 u ita u 013 $a230415 020 $a978-88-87940-19-3 040 $aSeMil$bita 245 13$aLa guerra peninsulare. 300 $aP. 690-1323. :$bc. geogr. 500 $aContiene : Bibliografia. 773 0 $aIlari, Virgilio <1948- >$tStoria militare dell'Italia giacobina.$dRoma : Ufficio storico SME, 2001.$gTomo2$w()33461 850 $aSeMil 852 $aSeMil$W1$xVenegono$y1$m3W II 10/2$j201856$B201856$CSeMilBibl$Z2$F216973 $81 961 $aOmaggio: Grampa dott. Cesare 996 $6020$a978-88-87940-19-3$9(OLS)http://semarc/number/67543 996 $6245$aLa guerra peninsulare$9(OLS)http://semarc/title/353778